| 000 | 01052nam a2200241 a 4500 | ||
|---|---|---|---|
| 001 | 000026602 | ||
| 005 | 20200930030316.0 | ||
| 008 | 110323s2004 dr ac r 000 0 spa d | ||
| 040 |
_aDO-SdBNP _bspa _cBNPHU |
||
| 082 |
_a352.367 _bS471r |
||
| 111 | 2 |
_aSeminario internacional la Reforma del Estado y la Administración Pública _d(2004 : _cSanto Domingo) _919978 |
|
| 245 | 1 | 3 |
_aLa Reforma del Estado y la Administración Pública : _bdesafíos y perspectivas. |
| 260 |
_aSanto Domingo : _bCONARE, _c2004. |
||
| 300 |
_a141 p. : _bil., retrs. ; _c24 cm. |
||
| 490 | 1 | _aDocumentos de la reforma | |
| 590 | _aInventariado, 2018/BT | ||
| 650 | 4 |
_aEmpresas estatales _vCONGRESOS, CONFERENCIAS, ETC. _953707 |
|
| 650 | 4 |
_aReforma del estado _zRepública Dominicana _vCONGRESOS, CONFERENCIAS, ETC. _919979 |
|
| 651 | 4 |
_aRepública Dominicana _xAdministración Pública _vCONGRESOS, CONFERENCIAS, ETC. _953708 |
|
| 710 | 2 |
_aConsejo Nacional de Reforma del Estado _910038 |
|
| 830 | 0 |
_aDocumentos de la reforma _9762 |
|
| 910 | _aValidado. Control de calidad. MFF | ||
| 999 |
_c26094 _d26094 |
||